| 000 | 00463nam a22001817a 4500 | ||
|---|---|---|---|
| 001 | 00028864 | ||
| 005 | 20260423185927.0 | ||
| 008 | 260423b ag ||||| |||| 00| 0 spa d | ||
| 020 | _a950902385 | ||
| 040 |
_bspa _cAR-CcCEOS |
||
| 080 | _aR347.1+347.7(094.4) | ||
| 090 | _bCOD | ||
| 245 | _aCódigi Civil de la República Argentina | ||
| 260 |
_aBuenos Aires : _bRuy Diaz, _c1998. |
||
| 300 |
_a1499 p. ; _c21x15 cm. |
||
| 650 | 0 | _aleyes | |
| 942 |
_2udc _cBK |
||
| 999 |
_c28906 _d28906 |
||
| 945 |
_a66467 _bMelina Rolando _c66467 _dMelina Rolando |
||